[Event "Pamplona 9899 9th"]
[Site "Pamplona"]
[Date "1999.01.04"]
[Round "8"]
[White "De la Villa Garcia, Jesus Maria"]
[Black "Illescas Cordoba, Miguel"]
[Result "1/2-1/2"]
[WhiteElo "2500"]
[BlackElo "2605"]
[Annotator "Mikhalevski,V"]
[PlyCount "72"]
[EventDate "1998.12.27"]
[EventType "tourn"]
[EventRounds "9"]
[EventCountry "ESP"]
[EventCategory "13"]
[SourceTitle "CBM 069"]
[Source "ChessBase"]
[SourceDate "1999.04.01"]
[SourceVersion "1"]
[SourceVersionDate "1999.04.01"]
[SourceQuality "1"]

1. e4 {Illescas Cordoba} e5 2. Nf3 Nc6 3. d4 exd4 4. Nxd4 Nf6 5. Nxc6 bxc6 6.
e5 Qe7 7. Qe2 Nd5 8. c4 Ba6 9. g3 {First key position has arised.Black has to
chose the further direction of the play.} O-O-O {'!?' Illescas Cordoba.} (9...
d6 $6 $146 10. Bg2 dxe5 11. O-O e4 12. Qc2 Nb4 13. Qa4 Bb7 14. Nc3 f5 15. Bf4
g5 16. Be3 Bg7 17. Qa5 Nc2 18. Bc5 Qe5 19. Rad1 Bf8 20. Na4 $36 {1-0 Rublevsky,
S-Aleksandrov,A/Polanica Zdroj 1997/CBM 61 (47)}) (9... g5 10. h4 Bg7 11. hxg5
Bxe5 12. Rh4 O-O-O 13. Re4 Rhe8 14. f4 Bd6 15. Rxe7 Rxe7 16. Qxe7 Nxe7 17. c5
$1 $18 {1-0 Lastin,A-Andreev,K/St.Petersburg 1997/CBM 62 (31)}) (9... f6 10. e6
$1 dxe6 11. Bg2 Qd7 12. O-O Nb6 13. b3 O-O-O 14. Nc3 Bc5 15. Rd1 Bd4 16. Be3 e5
17. a4 Kb8 18. a5 Nc8 19. Na4 $36 {1-0 Lalic,B-Izeta Txabarri,F/Ubeda 1998/CBM
62 ext (31)}) ({or} 9... g6 {that after} 10. b3 Bg7 11. Bb2 O-O (11... O-O-O $5
) 12. Bg2 Rae8 13. O-O Bxe5 14. Bxe5 Qxe5 15. Qxe5 Rxe5 16. cxd5 Bxf1 17. Kxf1
cxd5 18. Nc3 c6 {1/2-1/2 Totsky,L-Yandemirov,V/Russian Club Cup, Maikop RUS
1998 (49) leads to the classical endgame with approximately equal chances.})
10. b3 g6 {Black usually connected 9...0-0-0 with 10..f6 (see below).If Black
wants to get the endgame which occuried inTotsky-Yandemi rov he plays 9...g6,
10...Bg7 and only then castles to one of the sides.The game move order allow
White to play 11.Ba3 which however can be not very dangerous.} (10... f6 11.
Bg2 fxe5 12. O-O Nf6 13. Ba3 Qe6 14. Qd2 e4 15. Qa5 c5 16. Bxc5 Bxc5 17. Qxc5
Qb6 18. Qxb6 axb6 19. Re1 Rhe8 20. Nc3 Bb7 21. a4 d5 22. cxd5 Bxd5 23. a5 bxa5
24. Rxa5 Bb7 25. Rb5 Rd6 26. Na4 Bc6 27. Ra5 Kd8 28. Rc1 Re7 29. b4 Bd5 30. Nc3
Bb7 31. h4 Rb6 32. b5 Re5 33. Re1 Rc5 34. Ra3 Rc4 35. Bf1 Rd4 36. Na4 Rbd6 37.
Nc5 Bd5 38. Rc1 Rd2 39. Ra7 e3 40. fxe3 Nh5 41. e4 Rg6 42. exd5 Rxg3+ 43. Kh1
Rg4 44. Ra3 Rxh4+ 45. Bh3 Rxd5 46. Re3 {1-0 Morozevich,A-Huzman,A/Amsterdam
1995/CBM 49 (46)}) (10... g5 $5 {Illescas Cordoba}) 11. Ba3 $5 (11. Bb2 {after}
Bg7 12. Bg2 Rhe8 13. O-O Bxe5 14. Qxe5 Qxe5 15. Bxe5 Rxe5 16. cxd5 Bxf1 17.
Kxf1 cxd5 18. Nc3 c6 {1-0 Hnydiuk,A-Stempin,P/Krynica 1997/CBM 61 ext (39) led
to above-mentioned endgame with the only difference that black king is on the
queenside.}) (11. Bb2 $142 {Illescas Cordoba}) 11... Nb4 {Most natural
reaction.} (11... Qxa3 {this typical sacrifice can't give full equality:} 12.
Nxa3 Bb4+ 13. Qd2 $8 {'+/=' Illescas Cordoba.} (13. Kd1 $4 Nc3+ 14. Kc2 Nxe2
15. Bxe2 Bxa3 $19) 13... Bxd2+ 14. Kxd2 {with a slightly better endgame for
White thanks to the better pawn structure and more mobile pieces.}) (11... d6 {
doesn't look good as it doesn't create a single threat.12...Bg7 can be met
with f4.} 12. Qb2 $5 {[%cal Gc4d5]} (12. f4 $5) 12... Bg7 13. f4 $5 $13 (13.
cxd5 Bxf1 (13... Bxe5 14. Bxa6+ Kb8 15. Qe2) (13... Qxe5+ 14. Qxe5 Bxe5 15.
Bxa6+ Kb8 16. dxc6 $18) 14. Kxf1 Qxe5 (14... Bxe5 15. Nc3 Qf6 16. Rc1 Qf3 17.
Kg1 $18) 15. Nc3 Qxc3 16. Qxc3 Bxc3 17. Rc1 Ba5 18. Rxc6 Rhe8 $11)) 12. f4 {
'!' Illescas Cordoba.} (12. Bb2 $6 {Illescas Cordoba} Bg7 13. a3 $2 Nd3+ $1 14.
Qxd3 Bxe5 15. Qe2 Bxb2 16. Qxe7 Rhe8 $17) 12... g5 $5 {An interesting idea.
Black prepares capture on f4 followed by Qh4+ with the idea to meet Qf2 with
Nc2+.} (12... f6 $6 13. Bb2 {[%cal Ga2a3]} fxe5 14. a3 Nd5 15. Qxe5 Nf6 $8 $14)
13. Bb2 $1 {[%cal Ga2a3]} ({For instance} 13. Bg2 {can be met with} gxf4 {and}
14. gxf4 $2 {is bad in view of} (14. O-O $142) 14... Qh4+ {[%cal Gh4f4]}) 13...
gxf4 14. a3 $8 {[%mdl 64]} (14. gxf4 $2 Qh4+ 15. Qf2 $140 $4 Nc2+) 14... Nd5 (
14... fxg3 $2 {is too optimistic because of} 15. axb4 Qh4 {[%cal Gg3g2]} {
and cool} 16. Kd1 $18 {decides.}) 15. Qf2 $8 {[%cal Gf2a7,Gc4d5]} (15. Qe4 $2
Ne3 {[%cal Gf8h6]} 16. gxf4 Qh4+ {[%cal Ge3f1]}) 15... Ne3 (15... Nb6 $2 {
Illescas Cordoba} 16. c5 $1 Bxf1 17. cxb6 $16) 16. gxf4 Nxf1 $8 (16... Qc5 $2
17. b4) (16... Ng4 $6 {Illescas Cordoba}) 17. Rxf1 d5 $1 (17... Kb8 {[%cal
Gd7d5]}) 18. Nd2 $1 (18. Qxa7 {is dangerous.For example:} Qh4+ 19. Rf2 (19. Qf2
$6 Be7 $1 20. Nd2 dxc4 $1 21. bxc4 $140 (21. Nxc4 Qxf2+ 22. Rxf2 (22. Kxf2 $2
Bxc4 23. bxc4 Rd2+) 22... Bh4 $17) 21... Qxf2+ 22. Rxf2 Bh4) 19... Bb7 {
'©' Illescas Cordoba.} 20. Nd2 Rg8 21. O-O-O Bh6 (21... dxc4 $5 22. Nxc4 Rxd1+
23. Kxd1 Rg1+ 24. Kc2 $140 c5 $1 $19 {[%csl Ra7,Rc2]}) 22. Rdf1 Rg4 23. Qe3
Rdg8 $13) (18. Nc3 {Illescas Cordoba} Qc5 $5) 18... Kb8 $5 (18... Rg8 $5 {
was interesting with the idea to meet} 19. O-O-O (19. Qxa7 Qh4+ 20. Rf2 Bb7 $44
) {with} 19... Qc5 $1) (18... dxc4 $5 {Illescas Cordoba} 19. Qxa7 (19. Nxc4
Bxc4 20. bxc4 Qd7 $36) 19... Qh4+ 20. Rf2 Bb7 21. Nxc4 (21. O-O-O c5 $44) (21.
bxc4 c5 $44) 21... Rg8 22. Na5 Rg1+ 23. Ke2 Qh5+ 24. Ke3 Qh3+ 25. Rf3 Rd3+ 26.
Kxd3 Qxf3+ 27. Kc2 $11) (18... Qc5 $6 {Illescas Cordoba} 19. Bd4) 19. O-O-O (
19. Rg1 $5 f6 20. cxd5 cxd5 21. Rc1 $13 Bg7 $140 22. Qc5) 19... Rg8 20. Rg1 Rg6
$1 {'!?' Illescas Cordoba.} 21. Kb1 $6 {Loss of important time.} ({Immediate} 
21. f5 $5 {looks stronger:} Rxg1 22. Rxg1 Bh6 {'|^' Illescas Cordoba.} (22...
dxc4 23. Nxc4 Bxc4 24. bxc4 Bh6+ 25. Kb1 Rd2 26. Rg8+ Kb7 27. Qg3 $1 {[%cal
Gg3b3]}) 23. c5 $14) 21... Qd7 $1 {[%cal Gd7f5]} (21... Qc5 {Illescas Cordoba}
22. Qxc5 Bxc5 23. Rxg6 hxg6 24. Ne4 Be7 25. Ng5 Bxg5 26. fxg5 Bc8 $11) 22. f5
$8 (22. Ka2 {Illescas Cordoba} Rxg1 (22... Qf5 23. Qh4 $5) 23. Rxg1 dxc4 24.
Nxc4 Bxc4 25. bxc4 Qd3 26. Rc1 Qe4 $132) 22... Rxg1 23. Rxg1 Bh6 $1 {[%csl Rf5]
now White has to pay a price for a slow 21.Kb1?!One of the pawns f5 ; c4 is
falling.} 24. Ka2 (24. Ka1 $5) (24. e6 $6 {Illescas Cordoba} fxe6 25. f6 Qd6 $1
26. f7 Rf8 27. Rg8 e5) 24... Bxd2 25. Qxd2 Qxf5 {'=' Illescas Cordoba.} 26.
Qb4+ {Fortunately White has sufficient counterplay.} (26. Rg7 $5) 26... Bb7 (
26... Kc8 $6 27. cxd5 cxd5 28. Qc5 $1 $36 {[%cal Gc5a7,Gg1c1,Gb2d4]}) 27. Qe7
Rc8 {[%csl Rc7] '?!' Illescas Cordoba.} (27... Qd7 $6 28. Qxd7 Rxd7 {'='
Illescas Cordoba.} 29. Rg7 $1 {[%cal Ge5e6]}) 28. cxd5 cxd5 29. Rg7 {[%csl Rf7]
'+/=' Illescas Cordoba.} d4 $1 {[%mdl 256] Only activity can save Black.} (
29... Qc2 $1 {[%cal Gd5d4]} 30. Rxf7 d4 {see 29...d4}) 30. Rxf7 (30. Bxd4 $2
Qc2+ 31. Bb2 Be4 {'|^' Illescas Cordoba.} (31... Bd5 $36 {Illescas Cordoba}))
30... Qc2 $1 {[%cal Gd4d3,Gb7d5]} 31. Rf8 $6 {[%mdl 16384] This move allows
Black to equalize the position, but} ({after} 31. Qb4 $1 d3 32. Rd7 $1 $14 {
[%cal Gb4b5,Ge5e6] White is better as the d3-pawn is stoped and and is in
danger. At the same time the e5-pawn can become very dangerous in the nearest
future.} (32. Rd7 {Illescas Cordoba} Qxh2 (32... Ka8 33. Qd4 $1 $14 (33. e6 Bc6
34. Rd4 Rb8 35. Qc3 Qxc3 36. Bxc3 Re8 37. Rxd3 Rxe6 $11)) (32... Qe2 33. Qb5
$14) 33. Rxd3 (33. e6 Qe2 34. e7 h5 35. Rd8 a5 $1 36. Qxa5 Qxe7 37. Rxd3 $14)
33... Qc2 34. Rd2 Qc6 $14)) 31... d3 {'=' Illescas Cordoba. Now thanks to the
strong pawn Black is escaping} 32. Rxc8+ Bxc8 33. Qb4+ (33. Qxh7 $4 Be6 $19 {
[%csl Ra2]}) 33... Ka8 $1 (33... Bb7 34. e6 d2 $140 $2 (34... a5 $5) 35. e7 Qg6
(35... d1=Q 36. e8=Q+) 36. Qxd2 $18) 34. Qc3 (34. Qe4+ Kb8 $1 35. e6 Bxe6 $1
36. Qxe6 d2 37. Qe8+ Kb7 38. Qb5+ $11) 34... Bf5 $5 {[%cal Gd3d2]} 35. Qxc2
dxc2 36. Bc1 $11 Kb7 {Interesting, but not faultless game.} 1/2-1/2

[Event "Pamplona 9899 9th"]
[Site "Pamplona"]
[Date "1999.01.02"]
[Round "6"]
[White "De la Riva Aguado, Oscar"]
[Black "Xie, Jun"]
[Result "0-1"]
[WhiteElo "2510"]
[BlackElo "2510"]
[Annotator "Mikhalevski,V"]
[PlyCount "70"]
[EventDate "1998.12.27"]
[EventType "tourn"]
[EventRounds "9"]
[EventCountry "ESP"]
[EventCategory "13"]
[SourceTitle "CBM 069"]
[Source "ChessBase"]
[SourceDate "1999.04.01"]
[SourceVersion "1"]
[SourceVersionDate "1999.04.01"]
[SourceQuality "1"]

1. e4 e5 2. Nf3 Nc6 3. d4 exd4 4. Nxd4 Nf6 5. Nxc6 bxc6 6. e5 Qe7 7. Qe2 Nd5 8.
c4 Ba6 9. b3 O-O-O 10. g3 Re8 11. Bb2 f6 12. Qd2 Nb6 {My comments to the
previous moves you can find in the game Morozevich-Xie Jun,Pamplona98/99 CBM69.
} 13. a4 {White obviously was satisfied with the Morozevich-Xie Jun game which
had been played two days ago.} Qb4 $1 $146 {[%cal Gb4b3] I can't say the same
about Xie Jun.She finds a way to improve her play.Black doesn't mind to
retreat with the knight to a8(!) winning a pawn in exchange for an ugly
parking space.} (13... Kb8 $6 14. a5 Nc8 15. Bh3 $1 fxe5 16. Qxd7 Qf6 17. O-O
Bc5 18. Nc3 Nd6 19. Qxc6 Nb7 20. Qd7 Rd8 21. Nd5 Rxd7 22. Nxf6 Rd2 23. Nd7+ Ka8
24. Bxe5 Bb4 25. Bxc7 Nc5 26. Bg2+ Bb7 27. Nb6+ {1-0 Morozevich,A-Xie Jun/
Pamplona ESP 1998 (27) see annotations for this game in CBM69.}) 14. Qxb4 $2 {
[%mdl 16384] White makes a serious mistake on his very first own move.} (14. a5
{was necessary.After a simple comparison with the game tends that White wins
two tempo at least:} Na8 15. Bh3 Qxd2+ 16. Nxd2 $44 {At the same position in
the game Black had time to play Bb4,fe and Kb8! Sometimes the comparison is
not a bad way to chose a move.}) 14... Bxb4+ 15. Nd2 (15. Kd1 fxe5 {doesn't
look better.}) 15... fxe5 16. a5 {At least black knight will fill
uncomfortable.} (16. c5 $2 {can't be recommended as after} Bxf1 17. cxb6 Bd3
18. bxa7 Kb7 {White is simply lost.}) 16... Na8 17. Bh3 {This pin can't be
compared with the one of its colleage on the b4 which causes big discomfort in
white's camp.} Kb8 18. O-O-O $6 {Now the a5-pawn is left without any
superviser.} (18. Ba3 $5 {trying to exchange an importunate bishop.} Bc3 $140
19. Rc1 Bxa5 $4 20. b4 Bb6 21. c5 {[%csl Rb6]}) 18... d6 19. Ne4 $2 (19. Bd7 $8
Re7 20. Bxc6 Rf8 $1 $15 {[%cal Gb4a5,Ga6b7] /-/+} (20... Bxa5 $143 21. Rhe1 {
[%cal Gf2f4]})) 19... c5 $1 20. Bd7 {Equal to resignation.} (20. Bc3 $5 Bb7 $1
(20... Bxc3 $6 21. Nxc3 {and it's still not so simple to solve the problem of
the a8-knight}) 21. Bxb4 (21. Rhe1 Bxe4 {see21.B:b4}) 21... Bxe4 22. Rhe1 Bf3
23. Bc3 $5 (23. Rd3 e4 24. Rd5 e3 $1 (24... cxb4 25. Rb5+) 25. Rf5 Be4 $19)
23... Bxd1 24. Rxd1 {[%csl Ra8] with some counter chances ought to the
displaced knight.Perhaps it was the last chance to continue a fight.}) 20...
Re7 21. Bc6 Bxa5 $19 {After the a5-pawn has gone knight can fill a big relief.
Black is just two pawns up for nothing.} 22. Rhf1 Bb7 $1 {All piece exchanges
are very useful for Black.} 23. Bxb7 Kxb7 24. Kc2 Bb4 25. Bc1 Nb6 {Finally a
dreamed knight comes into the play  and everything is over.} 26. Be3 a5 {
[%cal Ga5a4]} 27. Kd3 a4 28. bxa4 Ra8 $1 29. Ra1 Ree8 30. Rfb1 Kc6 $1 31. Ra2
Rxa4 32. Rxa4 Nxa4 33. Kc2 Nb6 {[%csl Rc4]} 34. Kb3 Ra8 {[%cal Ga8a3]} 35. Bc1
Ra4 $1 {[%csl Rc4][%cal Gb4a5]} 0-1

[Event "Linares 16th"]
[Site "Linares"]
[Date "1999.03.06"]
[Round "11"]
[White "Leko, Peter"]
[Black "Svidler, Peter"]
[Result "1/2-1/2"]
[WhiteElo "2694"]
[BlackElo "2713"]
[Annotator "Mikhalevski,V"]
[PlyCount "49"]
[EventDate "1999.02.21"]
[EventType "tourn"]
[EventRounds "14"]
[EventCountry "ESP"]
[EventCategory "20"]
[SourceTitle "CBM 070"]
[Source "ChessBase"]
[SourceDate "1999.06.08"]
[SourceVersion "1"]
[SourceVersionDate "1999.06.08"]
[SourceQuality "1"]

1. e4 e5 2. Nf3 Nc6 3. d4 exd4 4. Nxd4 Bc5 5. Nxc6 Qf6 6. Qd2 dxc6 7. Nc3 Qe7 {
Morozevich's variation again.} 8. Qg5 $1 {[%mdl 16] Probably the best reaction
which was found by little-known international master Mellado Trivino.White
proposes the queen's exchange in order to make use of the better pawn
structure at the endgame.} Nf6 ({Korneev's} 8... Bd4 $5 {deserves serious
attention.} 9. Qxe7+ Nxe7 10. Bf4 f5 $1 11. O-O-O Bxc3 $6 (11... Bxf2 $142) 12.
Bxc7 Bd7 13. bxc3 fxe4 14. Re1 O-O 15. Bd6 Rf7 16. Rxe4 Nd5 17. c4 {1/2-1/2
Van der Wiel,J-Korneev,O/Elgoibar ESP 1998 (17);see comments in CBM 69.}) 9.
Be3 $1 Bxe3 $146 {Black is agree to recieve slightly worse position after this
exchange.} (9... Bd6 $5 {followed up by 11...h6! gives good chances for an
equality.} 10. Bd4 $1 Rg8 11. O-O-O Be6 (11... h6 $142 $1) 12. e5 Nd5 13. Ne4
$1 Qxg5+ 14. Nxg5 Be7 15. Nxe6 fxe6 16. c4 $14 {1/2-1/2 Mellado Trivino,
J-Korneev,O/Elgoibar ESP 1998 (51)see comments in CBM 69.}) 10. Qxe3 $14 {
[%mdl 16] Now every pieces' exchange is in the White's favour.} Be6 {[%cal
Gf6d7]} (10... O-O 11. O-O-O {leads to the same.}) 11. h3 ({An immediate} 11.
O-O-O {deserved an attention as an attempt to make use of the g4-square by} Ng4
$6 12. Qg3 Qc5 {[%csl Rf2]} (12... O-O) 13. Rd2 Rd8 {[%csl Rf2] is refuted by}
14. Rxd8+ Kxd8 15. Be2 $1 Qxf2 $140 $2 (15... Nxf2 $2 16. Rf1 {[%csl Rf2]}) 16.
Rd1+ $1 Kc8 (16... Ke8 17. Qxc7 $18) 17. Bxg4 Qxg3 18. Bxe6+ $18) 11... Nd7 12.
Be2 f6 13. O-O-O O-O 14. Kb1 {Prophylaxis against the pawn attack on the
queen's side.} ({A tactical blow} 14. Nd5 $6 {doesn't promise a lot as after}
Bxd5 $1 (14... cxd5 $2 15. exd5 {[%cal Ge3e7]}) (14... Qd8 $2 15. Nf4 {[%cal
Gd1d8]}) 15. exd5 Qxe3+ 16. fxe3 cxd5 17. Rxd5 Ne5 {[%csl Re3][%cal Gg8f7,
Gf7e7] White remains with a weak pawn on e3.}) (14. Bg4 $5 {proceeding with
the strategy of exchanges was not a bad alternative of 14.Kb1}) (14. Rd2 $5 b5
$140 $6 {[%cal Gd7b6]} 15. Nd5 $1 {Now this idea is much stronger than in the
previous case as the pawn on b5 is falling dawn.} (15. Rhd1 $143 Nb6) 15...
Bxd5 (15... cxd5 16. exd5 $16 {[%cal Ge3e7]}) (15... Qd8 16. Nf4 $1 $16 {
[%cal Gd2d8]}) 16. exd5 Qxe3 17. fxe3 cxd5 18. Rxd5 $16 {[%csl Rb5]}) 14...
Rfe8 15. Bh5 $5 {White is preparing Bg4,but preliminary 15.Bh5 looks useful
since both 15...g6 and 15...Red8 make Black's position slightly worse.} (15.
Rd2 $5) 15... Red8 {Certainly it's better than 15...g6} 16. Ne2 {[%cal Ge2d4,
Ge2f4]} (16. Bg4 $5) 16... Kh8 {freeing the g8 square for the bishop.} 17. Bg4
Ne5 $5 {An interesting pawn sacrifice.} ({After} 17... Bf7 {[%cal Gd7e5]
leaving on the board as many pieces as possible Black has to take in
consideration} 18. Ng3 Ne5 19. Rxd8+ {[%csl Ra7]}) 18. Bxe6 Qxe6 19. b3 ({
In case of} 19. Rxd8+ Rxd8 20. Qxa7 {Black obtains strong initiative.Here are
the examplary variations:} Nc4 $1 {[%cal Ge6e4]} 21. f3 (21. Qxb7 $143 Qxe4 (
21... Nd2+ $5 22. Ka1 $8 (22. Kc1 $4 Qxa2 $19) 22... Qxe4 23. Qxc7 $140 $2 Ra8
$1 {[%cal Ra8a2,Ge4a4,Re4e2]} 24. Nc3 Qxc2 {[%cal Rd2b3]} 25. a3 Rxa3+ $1 26.
bxa3 Nb3#) 22. Qxc7 Re8 23. Re1 (23. Nc3 $4 Qe1+) 23... Nxb2 $1 {[%csl Rb1]
[%cal Ge4e1]}) 21... Qd6 $1 {[%cal Rd6d1,Gd6b4]} 22. Nc1 (22. Rc1 Qb4 (22...
Qd1 23. Qf2 $1 Qd2 24. Qe1 f5 $140 $6 25. exf5 $1 Re8 26. Rd1 $1 Qe3 (26...
Rxe2 27. Qxe2 $1) 27. b3 $1 Nd6 28. Rd2 $16) (22... Qd2 23. Nc3 Qxg2 24. Qxb7
$14) 23. b3 Na3+ 24. Ka1 (24. Kb2 Nc4+ 25. Ka1 (25. Kb1 $11) 25... Qd2 $1 26.
bxc4 Qxe2 27. Qxb7 Qxg2 $36 28. Qxc7 $140 $2 Qd2 $40) 24... Nb5 25. Qe3 Rd2 (
25... Qd2 $5 26. Qxd2 Rxd2 $44) 26. e5 $1 fxe5 $1 (26... Rxe2 $6 27. Rd1 $1 (
27. Qxe2 $4 Qc3+ 28. Kb1 Na3#) 27... Qf8 (27... Qe7 28. Qxe2 Nc3 29. exf6 $1)
28. Qxe2 Nc3 29. Qd2 Nxd1 30. Qxd1 fxe5 31. Qd7 $16) (26... Na3 $2 {[%cal
Rd2e2]} 27. c3 $18) 27. Qxe5 h6 $44 (27... Rxe2 28. Rd1 $1 $16)) 22... b6 $1
$44 {[%csl Ra7][%cal Gc4e3]}) (19. Rd4 $5) 19... a5 {[%cal Ga5a4] taking the
pawn away and preparing a5-a4.} 20. Rxd8+ Rxd8 21. Qa7 {[%csl Ra5,Rb7] Now
when an access to the c4-square is denied White tries to work on the Black's
queen side.} Nf7 22. Nc3 $6 (22. f3 $5) (22. Ng3 $5) 22... Qe5 {Now Black has
no problems.} 23. Qe3 Re8 24. Rd1 Nd6 25. f4 (25. f4 Qe6 {[%cal Ga5a4]})
1/2-1/2

[Event "Beersheba 16th"]
[Site "Beersheba"]
[Date "1997.02.26"]
[Round "3"]
[White "Tseitlin, Mark D"]
[Black "Mikhalevski, Alexander"]
[Result "0-1"]
[WhiteElo "2505"]
[BlackElo "2470"]
[Annotator "Mikhalevski,V"]
[PlyCount "152"]
[EventDate "1997.02.24"]
[EventType "tourn"]
[EventRounds "11"]
[EventCountry "ISR"]
[EventCategory "12"]
[SourceTitle "CBM 058"]
[Source "ChessBase"]
[SourceDate "1997.06.01"]
[SourceVersion "1"]
[SourceVersionDate "1997.06.01"]
[SourceQuality "1"]

1. e4 e5 2. Nf3 Nc6 3. d4 exd4 4. Nxd4 Nf6 5. Nxc6 bxc6 6. e5 Qe7 7. Qe2 Nd5 8.
c4 Ba6 9. Nd2 (9. b3) (9. g3) (9. Qe4 Nf6 10. Qe2 Nd5 11. Nd2 Nb4 12. Nf3 d5
13. a3 Bxc4 14. Qd1 Bxf1 15. Kxf1 Na6 16. Qa4 Nb8 17. Bg5 Qd7 $2 (17... Qe6 $8)
18. Rd1 $2 {0-1 Pierra,J-Fernandez,M/Moscow olm 1994 (33)} (18. e6 $1 fxe6 19.
Ne5 Qd6 20. Qf4 $18)) 9... Nb4 10. Nf3 d5 (10... c5) 11. a3 Bxc4 12. Qd1 Bxf1
13. Kxf1 Na6 14. Qa4 Nb8 15. Bg5 Qe6 $1 (15... Qd7 $2 16. e6 $1 fxe6 17. Ne5
Qd6 18. Qf4 $18) 16. Rc1 (16. Nd4 Qg6) 16... Be7 $1 (16... h6 $2 17. Bh4 Be7
18. Nd4 Qd7 19. e6 fxe6 20. Nxe6 g5 21. Re1 {1-0 Tatai,S-Adorjan,A/Amsterdam
IBM 1977}) 17. Nd4 Qd7 18. e6 (18. Bxe7 Qxe7 19. Nxc6 {1/2:1/2 Makropolou,
M-Voiska,M/ Manila olw 1992} Qd7 $15) (18. h4 O-O 19. Rh3 Re8 20. Bxe7 Rxe7 (
20... Qxe7 $5 $11) 21. Qb4 $44 Qe8 22. f4 Nd7 23. Rxc6 Nf8 24. Rc2 Ne6 25. Nc6
Rd7 26. Rg3 d4 27. f5 Nd8 28. Nxd4 c5 29. Rxc5 Nb7 30. e6 Nxc5 31. Qxc5 $2 (31.
exd7 $16) 31... fxe6 32. fxe6 Qf8+ 33. Qxf8+ Rxf8+ 34. Nf3 Re7 $17 {1/2-1/2
Strikovic,A-Voiska,M/Zaragoza op 1993 (52)}) 18... fxe6 19. Bxe7 Kxe7 $1 (19...
Qxe7 $2 20. Nxe6) 20. Qb4+ (20. Nxe6 $2 Kxe6) 20... Qd6 21. Qb7 Nd7 22. Rxc6
Rhb8 $1 23. Qa6 Qf4 $1 24. Ne2 (24. Rxe6+ Kf8 $19) 24... Qd2 (24... Qe5 $17)
25. g3 Rb6 (25... Rxb2 26. Rxe6+ Kf7 27. Re3 Re8 28. Qxa7 Rxe3 29. Qxe3 Qxe3
30. fxe3 Rb3) 26. Rxb6 cxb6 27. b4 $1 Qc2 28. Kg2 Qe4+ 29. f3 Qc4 30. Qxc4 dxc4
31. Rc1 Rc8 32. Kf2 Nf6 (32... e5) 33. Nd4 Kd7 34. f4 e5 $1 35. fxe5 Ng4+ 36.
Kf3 Nxe5+ 37. Ke4 Ng4 38. Nb5 $6 a6 39. Nc3 Nxh2 40. Rh1 Ng4 41. Kd4 Nf6 42. a4
h5 43. Rf1 Ke6 44. Re1+ Kf5 45. Re5+ (45. Re7 Rd8+ 46. Kxc4 Rd7 (46... Rc8+ 47.
Kd4 Rxc3 $4 48. Re5+)) 45... Kg4 46. Re7 (46. Re6 Kxg3 47. Rxb6 h4 $19 (47...
Rd8+ $2 48. Kxc4 Rc8+ 49. Kd4 Rxc3 50. Rxf6 $13)) 46... Rd8+ (46... g5 $5 47.
Re6 Kf5 48. Re5+ (48. Rxb6 $2 Rd8+ 49. Kxc4 Rc8+ 50. Kd4 Rxc3 51. Rxf6+ Kxf6
52. Kxc3 h4 53. gxh4 gxh4 $18 54. b5 axb5 55. axb5 (55. a5 h3) 55... Ke6) 48...
Kg6 49. Re6 Kf7 (49... Kf5 50. Re5+ Kg4 51. Re6 Rd8+ 52. Kxc4 Kf5 53. Re3 (53.
Rxb6 $2 Rc8+ 54. Kd4 Rxc3 55. Rxf6+ Kxf6 56. Kxc3 h4 $19) 53... Rd6) 50. Rxb6
h4 (50... Rd8+ $2 51. Kxc4 Rc8+ 52. Kd4 Rxc3 $4 53. Rb7+) 51. gxh4 gxh4 52.
Rb7+ (52. Ne2 Re8) (52. b5 a5 53. Rc6 (53. Rb7+ Kg6 54. Rb6 Kf5 55. Rc6 Rxc6
56. bxc6 Ke6 57. Ne2 Kd6 58. Nf4 Kxc6 59. Kxc4 Ne4 $19) 53... Rxc6 54. bxc6 Ke7
55. Ne2 h3 56. Ng3 Kd6 57. Kxc4 Kxc6 $19) 52... Kg6 53. Ne2 (53. Rb6 $2 Kg5)
53... Re8 $19) 47. Kxc4 Rd7 48. Re3 Rc7+ 49. Kd4 Rd7+ 50. Kc4 Rd6 51. b5 a5 52.
Ne2 g5 53. Re7 Nd7 54. Nc3 Nc5 55. Rc7 Ne6 56. Rc6 Rd4+ 57. Kb3 Nc5+ 58. Ka3
Rc4 59. Nd5 Rxa4+ 60. Kb2 Rd4 61. Nxb6 Rb4+ (61... Na4+ $2 62. Nxa4 Rxa4 63.
Rc3 (63. Kc3 $5) 63... Re4 64. b6 Re7 65. Rb3 Rb7 66. Ka3 Rxb6 67. Rxb6 Kxg3
68. Rb5 Kh4 (68... Kg4 69. Rxa5 h4 70. Kb3 h3 71. Kc3 h2 72. Ra1 Kh3 73. Kd3 g4
74. Ke3 Kg2 (74... g3 75. Kf3 g2 76. Ra8 g1=N+ $10) 75. Kf4 $10) 69. Kb3 $10)
62. Kc3 Ne4+ 63. Kd3 Kf3 $1 64. Nd5 Rxb5 65. Kd4 Rb1 66. Ke5 Re1 67. Kf5 Nxg3+
68. Kg6 (68. Kxg5 Re5+ 69. Kh4 Nf5+) 68... Re5 69. Rc3+ Kg4 70. Nf6+ Kh4 71.
Rc2 Kh3 72. Nh7 Ne4 73. Re2 g4 $1 74. Nf6 Re6 75. Rxe4 Rxe4 76. Nxe4 g3 0-1